| 000 | 00581cam a2200145 4500500 | ||
|---|---|---|---|
| 005 | 20260201154656.0 | ||
| 041 | _afre | ||
| 042 | _adc | ||
| 100 | 1 | 0 |
_aNaepels, Michel _eauthor |
| 245 | 0 | 0 | _aChristine Salomon, Savoirs et pouvoirs thérapeutiques kanaks, Publié avec le concours de l’INSERM, Paris, PUF, 2000, 160 p., bibl., ill., cartes, (« Ethnologies ») |
| 260 | _c2001. | ||
| 500 | _a67 | ||
| 786 | 0 | _nL'Homme | 160 | 4 | 2001-10-01 | p. 193zm-300zm | 0439-4216 | |
| 856 | 4 | 1 | _uhttps://shs.cairn.info/revue-l-homme-2001-4-page-193zm?lang=fr&redirect-ssocas=7080 |
| 999 |
_c1643173 _d1643173 |
||